One yaer clinical evaluation of translucent zirconia crowns in dental esthatic zone with biologicaly oriented preperation technique (bopt) versus conventional preperation : (رقم التسجيلة. 165620)

تفاصيل مارك
000 -LEADER
fixed length control field 04198namaa22004451i 4500
003 - CONTROL NUMBER IDENTIFIER
control field OSt
005 - DATE AND TIME OF LATEST TRANSACTION
control field 20250223033205.0
008 - FIXED-LENGTH DATA ELEMENTS--GENERAL INFORMATION
fixed length control field 231105s2022 ua a|||frm||| 000 0 eng d
040 ## - CATALOGING SOURCE
Original cataloging agency EG-GICUC
Language of cataloging eng
Transcribing agency EG-GICUC
Modifying agency EG-GICUC
Description conventions rda
041 0# - LANGUAGE CODE
Language code of text/sound track or separate title eng
Language code of summary or abstract eng
-- ara
049 ## - LOCAL HOLDINGS (OCLC)
Holding library Deposit
082 04 - DEWEY DECIMAL CLASSIFICATION NUMBER
Classification number 617.69
Edition number 21
092 ## - LOCALLY ASSIGNED DEWEY CALL NUMBER (OCLC)
Classification number 617.69
Edition number 21
097 ## - Thesis Degree
Thesis Level Ph.D
099 ## - LOCAL FREE-TEXT CALL NUMBER (OCLC)
Classification number Cai01.09.09.Ph.D.2022.Ka.O
100 0# - MAIN ENTRY--PERSONAL NAME
Personal name Kareem Talaat AbdelWahab Ahmed Ali,
Relator term preparation.
245 10 - TITLE STATEMENT
Title One yaer clinical evaluation of translucent zirconia crowns in dental esthatic zone with biologicaly oriented preperation technique (bopt) versus conventional preperation :
Remainder of title Randomized clinical trail /
Statement of responsibility, etc. Kareem Talaat AbdelWahab Ahmed Ali ; Prof. Dr. Amina Zaki, Dr. Rasha Nabil Sami.
246 15 - VARYING FORM OF TITLE
Title proper/short title ا : لتقويم الإكلينيكى لمدة عام لتيجان الزركونيا الشفافة في المنطقة السنية الجمالية باستخدام تقنية التحضيرالموجه حيويا مقارنة بالتحضير التقليدى
Remainder of title تجربة إكلينيكة عشوائية
264 #0 - PRODUCTION, PUBLICATION, DISTRIBUTION, MANUFACTURE, AND COPYRIGHT NOTICE
Date of production, publication, distribution, manufacture, or copyright notice 2022.
300 ## - PHYSICAL DESCRIPTION
Extent 128 pages :
Other physical details Illustrations ;
Dimensions 25 cm. +
Accompanying material CD.
336 ## - CONTENT TYPE
Source rdacontent
Content type term text
337 ## - MEDIA TYPE
Source rdamedia
Media type term Unmediated
338 ## - CARRIER TYPE
Source rdacarrier
Carrier type term volume
502 ## - DISSERTATION NOTE
Dissertation note Thesis (Ph.D)-Cairo University, 2022.
504 ## - BIBLIOGRAPHY, ETC. NOTE
Bibliography, etc. note Bibliography: pages 119-127.
520 ## - SUMMARY, ETC.
Summary, etc. To evaluate the clinical behavior of translucent zirconia crowns in dental<br/>esthetic zone with biologically oriented preparation technique versus conventional<br/>preparation<br/>Methodology: For teeth in the aesthetic zone, 44 monolithic translucent zirconia single<br/>crowns were fabricated. According to the preparation designs, the patients were<br/>separated into two groups. Group1: conventional (horizontal preparation design)<br/>Group2: BOPT (vertical preparation design). For the first step, after final cementation.<br/>The Modified United States Public Health Service (MUSPH) criteria for restoration<br/>clinical evaluations were used to assess marginal adaption, marginal discoloration and<br/>fracture, patient satisfaction and gingival inflammation score were assessed<br/>immediately after cementation. Then these measures were taken again after three, six,<br/>nine, and twelve months.<br/>
520 ## - SUMMARY, ETC.
Summary, etc. هدف هذه الدراسة هو التقويم الاكلينيكي لتيجان الزركونيا الشفافة في المنطقة السنية الجمالية باستخدام تقنية التحضير<br/>الموجة حيويا ) التحضير العمودى ( مقارنة بالتحضير التقليدى ) التحضير العرضي( .<br/>اشتملت الدراسه علىى تصنيع اربعة و اربعون تاج من الزركونيا الشفافة في المنطقة السنيه الجمالية و تم تقسيم المرضى على<br/>مجموعتين :<br/>المجموعة الأولى: مجموعه التحضير التقليدى )التتحضير العضرى (.<br/>المجموعة الثانية : مجموعة التحضير الموجه حيويا )التحضير العمودى (.<br/>تم عمل خطوة تيجان مؤقتة باستخدام تيجان بلاستيكيه و لصقها بصورة مؤقتة لحين الانتهاء من تصنيع التيجان النهائيه من<br/>ماده الزركونيا الشفافه المتجانسة . تم استخدام تقنية الكاد /كام لتصنيع كلا من التيجان البلاستيكية و تيجان الزكونيا الشفافة<br/>المتجانسة .<br/>
530 ## - ADDITIONAL PHYSICAL FORM AVAILABLE NOTE
Additional physical form available note Issues also as CD.
546 ## - LANGUAGE NOTE
Language note Text in English and abstract in Arabic & English.
650 12 - SUBJECT ADDED ENTRY--TOPICAL TERM
Topical term or geographic name entry element Technology, Dental
General subdivision methods.
650 22 - SUBJECT ADDED ENTRY--TOPICAL TERM
Topical term or geographic name entry element Technology, Dental
General subdivision instrumentation.
653 #0 - INDEX TERM--UNCONTROLLED
Uncontrolled term Public Health Service
700 0# - ADDED ENTRY--PERSONAL NAME
Personal name Amina Zaki,
Relator term thesis advisor.
700 0# - ADDED ENTRY--PERSONAL NAME
Personal name Rasha Nabil Sami,
Relator term thesis advisor.
700 0# - ADDED ENTRY--PERSONAL NAME
Personal name Samaa Nagi Kotb,
Relator term thesis advisor.
856 ## - ELECTRONIC LOCATION AND ACCESS
Uniform Resource Identifier <a href="http://172.23.153.220/th.pdf">http://172.23.153.220/th.pdf</a>
900 ## - EQUIVALENCE OR CROSS-REFERENCE-PERSONAL NAME [LOCAL, CANADA]
Numeration 01-01-2022
Titles and other words associated with a name Amina Zaki
-- Rasha Nabil Sami
-- Samaa Nagi Kotb
Dates associated with a name Hanaa Ibrahim Sallam
-- Marwa Mohammed Wahsh
Universities Cairo University
Faculties Faculty of Dentistry
Divisons Department of Fixed Prosthodontics
905 ## - LOCAL DATA ELEMENT E, LDE (RLIN)
Cataloger Hanan
942 ## - ADDED ENTRY ELEMENTS (KOHA)
Source of classification or shelving scheme Dewey Decimal Classification
Koha item type Thesis
Edition 21
Suppress in OPAC No
المقتنيات
Source of classification or shelving scheme Not for loan Home library Current library Date acquired Full call number Barcode Date last seen Koha item type
Dewey Decimal Classification Not for loan المكتبة المركزبة الجديدة - جامعة القاهرة قاعة الرسائل الجامعية - الدور الاول 11.02.2024 Cai01.09.09.Ph.D.2022.Ka.O 01010110087535000 05.11.2023 Thesis
Cairo University Libraries Portal Implemented & Customized by: Eng. M. Mohamady Contacts: new-lib@cl.cu.edu.eg | cnul@cl.cu.edu.eg
CUCL logo CNUL logo
© All rights reserved — Cairo University Libraries
CUCL logo
Implemented & Customized by: Eng. M. Mohamady Contact: new-lib@cl.cu.edu.eg © All rights reserved — New Central Library
CNUL logo
Implemented & Customized by: Eng. M. Mohamady Contact: cnul@cl.cu.edu.eg © All rights reserved — Cairo National University Library